Main Science and Technology Indicators
Enregistré dans:
| Format: | Publication en série |
|---|---|
| Langue: | anglais français |
| Publié: |
Paris
OECD
|
| Sujets: | |
| Tags: |
Pas de tags, Soyez le premier à ajouter un tag!
|
MARC
| LEADER | 00000nas1a2200000 4500 | ||
|---|---|---|---|
| 001 | s124357 | ||
| 005 | 20250220102232.9 | ||
| 022 | |a 2304-2761 | ||
| 022 | |a 2304-277X | ||
| 041 | 0 | |a eng | |
| 041 | 0 | |a fre | |
| 044 | |a FR | ||
| 245 | 1 | 0 | |a Main Science and Technology Indicators |
| 264 | 1 | |a Paris |b OECD | |
| 610 | 2 | 0 | |a štatistika medzinárodná |
| 610 | 2 | 0 | |a veda |
| 610 | 2 | 0 | |a priemysel |
| 610 | 2 | 0 | |a ukazovatele ekonomické |